Singular traces : theory and applications
Saved in:
| Main Authors: | , , |
|---|---|
| Format: | Book |
| Language: | English |
| Published: |
Berlin :
bDe Gruyter,
c2013.
|
| Series: | De Gruyter studies in mathematics
46 |
| Subjects: | |
| Tags: |
Add Tag
No Tags, Be the first to tag this record!
|
MARC
| LEADER | 00000nam a2200000 a 4500 | ||
|---|---|---|---|
| 001 | 1/112081 | ||
| 008 | 160926t2013####gw | ||| |||| ||eng|| | ||
| 020 | |a 9783110262506 | ||
| 040 | |a GR-MyUa |b gre |c GR-MyUa |e AACR2 | ||
| 041 | 0 | |a eng | |
| 082 | 7 | |a 515.724 |2 (23) | |
| 100 | 1 | |a Lord, Steven. | |
| 245 | 1 | 0 | |a Singular traces : |b theory and applications / |c Steven Lord, Fedor Sukochev, Dmitriy Zanin. |
| 260 | |a Berlin : |b bDe Gruyter, |c c2013. | ||
| 300 | |a xvi, 452 σ. ; |c 25 εκ. | ||
| 490 | 1 | |a (De Gruyter studies in mathematics ; |v 46) | |
| 504 | |a Βιβλιογραφία: σ. 429-443. Ευρετήριο. | ||
| 650 | 0 | |a Operator spaces. | |
| 650 | 0 | |a Symmetric functions. | |
| 650 | 0 | |a Functional analysis. | |
| 700 | 1 | |a Sukochev, F. A. |e aut | |
| 700 | 1 | |a Zanin, Dmitriy, |e aut | |
| 830 | 0 | |a De Gruyter studies in mathematics |v 46 | |
| 852 | |a INST |b SAMOS |e 20160926 |h 515.724 LOR |p 005300043819 |q 005300043819 |t BK |y 0 | ||
| 922 | |a 3ΕΛΗ |b 201412 |c Τμήμα Μαθηματικών/Μεταπτυχιακό |d Liberal Books | ||
| 970 | |a Κοσιέρης |b Χρήστος |z 26-09-2016 | ||